000 00576nam a22001817a 4500
005 20150729120126.0
010 _aENG-113200
020 _a9789351431930
_c180.00
035 _aEN-96732
037 _bDBAD/PUB
082 _a347.540502468
100 _aRosedar S. R. A.
245 _aCivil procedure code & limitation act /
_cby Rosedar S. R. A.
260 _aGurgaon
_bLexis Nexis
_c2014
270 _a14th Floor, Building no 10 Tower, DLF Cyber City, Phase-II,
_bGurgaon
_e122002
300 _aix,142p.
_c22cm(pbk)
942 _2ddc
_cEN
_mROS
_h347.540502468
999 _c93833
_d93833